Marketing neziskových organizácií - Výber stratégie pre občianske združenie Diákhálózat - Študentská sieť diplomová práca

Gespeichert in:
Bibliographische Detailangaben
1. Verfasser: Búcsiová, Edina
Körperschaft: Obchodná fakulta EU. Katedra marketingu
Weitere Verfasser: Vokounová, Dana, 1962-
Format: Buch
Sprache:Slowakisch
Veröffentlicht: Bratislava 2010
Tags: Tag hinzufügen
Keine Tags, Fügen Sie das erste Tag hinzu!

MARC

LEADER 00000nam$a2200000$$$4500
001 0121436
005 20240318122601.7
041 0 |a slo 
044 |a SK 
245 1 0 |a Marketing neziskových organizácií - Výber stratégie pre občianske združenie Diákhálózat - Študentská sieť  |b diplomová práca  |c Edina Búcsiová ; škol. Dana Vokounová 
264 1 |a Bratislava  |c 2010 
300 |a 77 s. 
100 1 |a Búcsiová, Edina 
700 1 |a Vokounová, Dana, 1962- 
710 2 |a Obchodná fakulta EU. Katedra marketingu